000 00298nam a2200109Ia 4500
008 190216s9999||||xx |||||||||||||| ||und||
100 _aJanardhanapillai
245 0 _aTrignometric Calculus Analytic Geometry And Vector Analysis
260 _bAjith Book Center
650 _aMathematics
942 _cBK
999 _c30663
_d30663